000 00477nam a2200157 4500
001 143060
003 ES-MaACL
005 20230906200717.0
007 t|
008 070214s1961 sp r ||||1| spa d
245 0 0 _aSelected short stories
_b: (first series) /
_cAmparo B. George... [et al.].
260 _aMadrid :
_b[s. n.],
_c1964 (
_fSucesores de Rivadeneyra)
300 _a108 p. ;
_c19 cm.
700 1 _aGeorge, Amparo B.
_956377
852 _aES-MaACL
_jC-20818
_bR.49257
999 _c143060
_d143060